| 000 | 00730cam a2200205 a 4500 | ||
|---|---|---|---|
| 005 | 20260205154302.0 | ||
| 008 | 900504s1991 ncu b 001 0 eng | ||
| 020 |
_a082231097X _qpbk. : alk. paper |
||
| 040 |
_aKABLIB _cKABLIB _erda |
||
| 082 | 0 | 0 |
_a337 _223 _bDEL |
| 100 | 1 |
_aDell, Sidney Samuel. _915477 |
|
| 245 | 1 | 0 |
_aInternational development policies : _bperspectives for industrial countries / _cSidney Dell. |
| 260 |
_aDurham : _bDuke University Press, _cc1991. |
||
| 300 |
_ax, 378 p. ; _c24 cm. |
||
| 504 | _aIncludes bibliographical references (p. [333]-351), index. | ||
| 650 | 0 | _aEconomic development. | |
| 650 | 0 |
_aInternational trade. _910051 |
|
| 650 | 0 |
_aInternational economic relations. _99479 |
|
| 942 |
_2ddc _cBOOK |
||
| 999 |
_c6091 _d6091 |
||